Marcatori del Napoli in UEFA Champions League 2017-2018 - Statistics

Statistiche generali
  • Questo quiz è stato fatto 15 volte
  • Il punteggio medio è 9 su 11
Statistiche sulle risposte
Partita Minuto Marcatore % Corretto
Shakhtar Donestk - Napoli 2-1 72' Arkadiusz Milik
92%
Napoli - Feyenoord 3-1 49' Dries Mertens
92%
Napoli - Shakhtar Donestk 3-0 83' Dries Mertens
92%
Napoli - Feyenoord 3-1 7' Lorenzo Insigne
92%
Napoli - Manchester City 2-4 21' Lorenzo Insigne
92%
Napoli - Shakhtar Donestk 3-0 56' Lorenzo Insigne
92%
Manchester City - Napoli 2-1 73' Amadou Diawara
69%
Napoli - Feyenoord 3-1 70' José María Callejón
69%
Napoli - Shakhtar Donestk 3-0 81' Piotr Zieliński
69%
Feyenoord - Napoli 2-1 2' Piotr Zieliński
69%
Napoli - Manchester City 2-4 62' Jorginho
62%
Nessun quiz corrispondente trovato
Distribuzione punteggi
Percentuale di utenti per punteggio
Percentile per numero di risposta
I tuoi punteggi nel tempo
Non hai fatto questo quiz